| 000 | 00906cam a2200289 a 4500 | ||
|---|---|---|---|
| 001 | 18717982 | ||
| 003 | NUST | ||
| 005 | 20220509143738.0 | ||
| 008 | 150727s2004 nyu 000 1 eng | ||
| 010 | _a 2015431350 | ||
| 020 | _a9780316303064 (special edition) | ||
| 038 | _aArshad | ||
| 040 |
_aDLC _cDLC |
||
| 050 | 0 | 0 |
_aPS3619.E26 _bL68 2004 |
| 082 | 0 | 0 |
_a813.6 _bSEB |
| 100 | 1 |
_aSebold, Alice. _991401 |
|
| 245 | 1 | 4 |
_aThe lovely bones : _ba novel / _cAlice Sebold. |
| 250 | _aFirst Back Bay trade paperback edition. | ||
| 264 | 1 |
_aNew York : _bBack Bay Books, _c2004. |
|
| 300 |
_a328, 13, 12 pages ; _c22 cm |
||
| 563 | _aPBK | ||
| 650 | 0 |
_aMurder victims' families _vFiction. _911771 |
|
| 650 | 0 |
_aTeenage girls _xCrimes against _vFiction. _911761 |
|
| 906 |
_a7 _bcbc _corigcop _d2 _encip _f20 _gy-gencatlg |
||
| 942 |
_2ddc _cBK |
||
| 999 |
_c589530 _d589530 |
||